000 00837nam a2200205 4500
001 126145
003 ES-MaACL
005 20230906192749.0
007 t|
008 070214s1956 sp r ||||1| spa d
100 1 _aRejas García, Félix.
_996101
245 1 0 _aContribución al estudio del poder bactericida y fungicida de los compuestos de amonio cuaternario sobre la flora microbiana que interviene en ciertos alimentos /
_cpor Félix Rejas García.
260 _aZaragoza :
_bQuimicamp,
_c[1956] (
_fImp. Joaquín Lomba)
300 _a49 p. :
_bil. ;
_c27 cm.
502 _aTesis doctoral-Univ. de Oviedo, Facultad de Veterinaria de León.
504 _aBibliografía: p. 49.
650 0 0 _aMicrobiología.
_915023
710 2 _aUniversidad de Oviedo.
_bFacultad de Veterinaria de León.
_97268
852 _aES-MaACL
_j1976-F-16
999 _c126145
_d126145